| 000 | 00481nam a2200145Ia 4500 | ||
|---|---|---|---|
| 008 | 180921t1907 xxu||||| ||||o00| 0 eng d | ||
| 041 | _aeng | ||
| 245 | _aPapers Laid Before The Legislative Council of Ceylon During The Session of 1906-1907 : Administration Report of The Municipal Council of Galle For The Year. | ||
| 260 | _c1907 | ||
| 300 | _ap.715-742, 33 cm | ||
| 500 | _aSessional Paper lix-1907 | ||
| 942 | _cBK | ||
| 999 |
_c51990 _d51990 |
||
| 003 | LK-CoDNM | ||
| 040 |
_aLK-CoDNM _dLK-CoDNM _eLK-CoDNM |
||